[Event "Bratislava Doprastav op"]
[Site "Bratislava"]
[Date "2009.07.04"]
[Round "1"]
[White "Pigos, Jan"]
[Black "Chripko, Lubomir"]
[Result "1-0"]
[WhiteElo "1871"]
[BlackElo "1406"]
[PlyCount "45"]
[EventDate "2009.07.04"]
[EventType "swiss"]
[EventRounds "9"]
[EventCountry "SVK"]
[SourceTitle "EXT 2015"]
[Source "ChessBase"]
[SourceDate "2014.11.20"]
[SourceVersion "1"]
[SourceVersionDate "2014.11.20"]
[SourceQuality "1"]

1. d4 d5 2. c4 e6 3. Nc3 Nf6 4. Nf3 Be7 5. e3 0-0 6. Bd3 dxc4 7. Bxc4 Nbd7 8. 0-0 b6 9. Qe2 Bb7 10. Rd1 Rc8 11. e4 c5 12. d5 exd5 13. Nxd5 Nxd5 14. Bxd5 Bxd5 15. Rxd5 Qc7 16. e5 Qc6 17. Qd1 Rcd8 18. Bg5 Bxg5 19. Nxg5 Qc7 20. Qd3 g6 21. Qh3 Rfe8 22. Qxh7+ Kf8 23. Qxf7# 1-0